| 000 | 00540nam a2200193Ia 4500 | ||
|---|---|---|---|
| 005 | 20250326142424.0 | ||
| 008 | 250326s9999 xx 000 0 und d | ||
| 020 | _a0-19-563531-0 | ||
| 037 | _aTextbook | ||
| 040 |
_aFMSL _beng _cFMSL |
||
| 041 |
_aeng _2eng |
||
| 084 |
_aXogB N7;1 _qFMSL |
||
| 100 | _aKrishna K L Ed. | ||
| 245 | 0 |
_aEconometric applications in India _cKrishna K L Ed. |
|
| 260 |
_aDelhi _bDelhi, Oxford University _c1997 |
||
| 300 | _axxiii,335 | ||
| 942 |
_cTB _hXogB N7;1 |
||
| 999 |
_c1294947 _d1294947 |
||